| 000 | 00894nam a22002417a 4500 | ||
|---|---|---|---|
| 003 | OSt | ||
| 005 | 20210415150948.0 | ||
| 008 | 210323b ||||| |||| 00| 0 spa d | ||
| 020 | _a9789945009767 | ||
| 040 |
_aDO-SdBNP _bspa _cBNPHU |
||
| 082 | 4 |
_a306.362097293 _bA333d _222 |
|
| 100 | 1 | 0 |
_aAlbert Batista, Celsa _91180 |
| 245 | 1 | 0 |
_aDominican Republic, first afro-descendant people of America / _cCelsa Albert Batista |
| 260 |
_aSanto Domingo : _bINDAASEL, _c2020 |
||
| 300 |
_a31 p. : _bil. _c22 cm |
||
| 590 | _aInventariado, 2021 / DG | ||
| 650 | 4 |
_aAfricanos _zRepública Dominicana _940536 |
|
| 650 | 4 |
_aEsclavitud _zRepública Dominicana _xHistoria _934179 |
|
| 650 | 4 |
_aNegros _zRepública Dominicana _xHistoria _917935 |
|
| 710 | 1 |
_aInstituto Dominicano de Estudios Africanos y Asiáticos Sebastián Lemba. _940540 |
|
| 910 | _aD/G/Validado. Control de calidad MFF | ||
| 942 |
_2ddc _cLBS1 |
||
| 999 |
_c49665 _d49665 |
||